000 00270nam a2200109Ia 4500
008 190216s9999||||xx |||||||||||||| ||und||
100 _aManikkavachakam Chettiyar
245 0 _aPanjiyum Noolum
260 _bSouthern Language Book Trust
650 _aPhysics
942 _cBK
999 _c32786
_d32786